[Event "22. Copenhagen Open  (Politiken Cup)"]
[Site "Copenhagen"]
[Date "2000.07.19"]
[Round "3"]
[White "Drejer, Hans Ulrik"]
[Black "Hau, Helge"]
[Result "1-0"]
[WhiteElo "1680"]
[BlackElo "1427"]
[PlyCount "97"]
[EventDate "2000.07.17"]
[EventType "swiss"]
[EventRounds "11"]
[EventCountry "DEN"]
[SourceDate "2004.01.01"]

1. d4 f5 2. Nf3 Nf6 3. Bf4 d6 4. e3 c6 5. c3 Qb6 6. Qc2 g6 7. Nbd2 Be6 8. Bd3
Bg7 9. e4 fxe4 10. Nxe4 Nxe4 11. Bxe4 Bf6 12. h4 Nd7 13. Ng5 Nf8 14. h5 Bxg5
15. Bxg5 Kd7 16. Kd2 Qb5 17. Be3 Bg4 18. Bd3 Qd5 19. hxg6 Nxg6 20. f3 Be6 21.
b4 b5 22. Rh6 Rag8 23. Be4 Qc4 24. g4 Kc7 25. Rh5 Bf7 26. Rah1 Nf8 27. Rh6 Bg6
28. Bxg6 Rxg6 29. Qb3 Rf6 30. Qxc4 bxc4 31. Rxf6 exf6 32. d5 cxd5 33. Bxa7 Nd7
34. Ke3 Ra8 35. Bd4 Rxa2 36. Rxh7 Kd8 37. Kf4 Re2 38. Kf5 Re8 39. b5 Ne5 40.
Ra7 Nd7 41. b6 Re1 42. Bxf6+ Nxf6 43. Kxf6 Kc8 44. Rc7+ Kd8 45. g5 Re3 46. g6
Rxf3+ 47. Ke6 Rxc3 48. Kxd6 d4 49. b7 1-0

[Event "22. Copenhagen Open  (Politiken Cup)"]
[Site "Copenhagen"]
[Date "2000.07.19"]
[Round "3"]
[White "Einarson, Erland"]
[Black "Schonberg, Pauli"]
[Result "0-1"]
[WhiteElo "1100"]
[BlackElo "1504"]
[PlyCount "64"]
[EventDate "2000.07.17"]
[EventType "swiss"]
[EventRounds "11"]
[EventCountry "DEN"]
[SourceDate "2004.01.01"]

1. d4 b6 2. e3 Bb7 3. Bd3 Bxg2 4. Nf3 Bxh1 5. Kd2 Bxf3 6. Qxf3 Nc6 7. b3 e6 8.
Bb2 Nf6 9. c4 d5 10. Nc3 Bb4 11. Kc2 Bxc3 12. Bxc3 Qd6 13. Qg2 g6 14. Qg5 Nd7
15. f4 f6 16. Qg4 O-O-O 17. a3 f5 18. Qg5 Ne7 19. Bb4 c5 20. Bc3 Nc6 21. b4
cxd4 22. exd4 dxc4 23. Bxc4 Nxd4+ 24. Bxd4 Qxd4 25. Ba6+ Kb8 26. Qe7 Rc8+ 27.
Kb3 Rc3+ 28. Ka4 Nc5+ 29. Kb5 Qc4+ 30. Kc6 Nxa6+ 31. Kd7 Qd5+ 32. Qd6+ Rc7# 0-1

[Event "22. Copenhagen Open  (Politiken Cup)"]
[Site "Copenhagen"]
[Date "2000.07.19"]
[Round "3"]
[White "Grahn, Lars"]
[Black "Rossen, Claus"]
[Result "0-1"]
[WhiteElo "2105"]
[BlackElo "2167"]
[PlyCount "82"]
[EventDate "2000.07.17"]
[EventType "swiss"]
[EventRounds "11"]
[EventCountry "DEN"]
[SourceDate "2004.01.01"]

1. d4 Nf6 2. c4 e6 3. Nc3 Bb4 4. Bd2 O-O 5. e3 d5 6. Nf3 c5 7. cxd5 exd5 8. a3
Bxc3 9. Bxc3 Ne4 10. Be2 Nc6 11. O-O c4 12. Nd2 f5 13. Nxe4 fxe4 14. f4 b5 15.
Bg4 a5 16. Bxc8 Qxc8 17. Qh5 Qf5 18. Qh4 b4 19. Bd2 Rfb8 20. a4 Rc8 21. g4 Qf6
22. Qh5 Qf7 23. Qg5 Ra6 24. f5 Nd8 25. Be1 Qf6 26. Qh5 Nf7 27. Bh4 Qh6 28. Qxh6
Rxh6 29. Be7 c3 30. bxc3 Rxc3 31. Rfc1 Rhc6 32. Rxc3 Rxc3 33. Kf2 g6 34. fxg6
hxg6 35. g5 Rc6 36. Kg3 Nd6 37. Bf6 Rc3 38. Kf4 Nc4 39. Bd8 b3 40. Rb1 b2 41.
Bxa5 Rc1 0-1

[Event "22. Copenhagen Open  (Politiken Cup)"]
[Site "Copenhagen"]
[Date "2000.07.19"]
[Round "3"]
[White "Greiff, Hkan"]
[Black "Gislason, Ingolfur"]
[Result "1-0"]
[WhiteElo "2284"]
[BlackElo "1780"]
[PlyCount "83"]
[EventDate "2000.07.17"]
[EventType "swiss"]
[EventRounds "11"]
[EventCountry "DEN"]
[SourceDate "2004.01.01"]

1. e4 e6 2. d4 d5 3. Nd2 c5 4. Ngf3 cxd4 5. exd5 Qxd5 6. Bc4 Qd6 7. O-O Nf6 8.
Nb3 Nc6 9. Nbxd4 Nxd4 10. Qxd4 Qxd4 11. Nxd4 a6 12. a4 Bc5 13. Nb3 Ba7 14. Be2
e5 15. Bd2 O-O 16. Bb4 Re8 17. c4 Bf5 18. Rac1 Rad8 19. Rfe1 Bd4 20. Ba3 Ne4
21. Nxd4 Rxd4 22. Bf3 Red8 23. h3 h6 24. b3 Nd2 25. Bxb7 Nxb3 26. Rc3 Nd2 27.
Bxa6 Nb1 28. Rce3 Nxa3 29. Rxa3 Bc8 30. Bb5 f6 31. c5 Rd2 32. Rc3 Rb2 33. c6
Rdd2 34. Rf1 e4 35. c7 Kf7 36. Bc6 f5 37. g4 Rbc2 38. Rc1 Rxc1+ 39. Rxc1 fxg4
40. hxg4 Ke7 41. Bxe4 Bxg4 42. c8=Q 1-0

[Event "22. Copenhagen Open  (Politiken Cup)"]
[Site "Copenhagen"]
[Date "2000.07.19"]
[Round "3"]
[White "Gulko, Boris F"]
[Black "Brinck Claussen, Bjorn"]
[Result "1-0"]
[WhiteElo "2643"]
[BlackElo "2359"]
[PlyCount "83"]
[EventDate "2000.07.17"]
[EventType "swiss"]
[EventRounds "11"]
[EventCountry "DEN"]
[SourceDate "2004.01.01"]

1. d4 d5 2. c4 c6 3. Nf3 Nf6 4. Nc3 e6 5. Bg5 dxc4 6. e4 b5 7. e5 h6 8. Bh4 g5
9. Nxg5 hxg5 10. Bxg5 Nbd7 11. g3 Qb6 12. exf6 c5 13. d5 Bb7 14. Bg2 O-O-O 15.
O-O b4 16. Rb1 Bh6 17. Bxh6 Rxh6 18. b3 bxc3 19. bxc4 Qa6 20. Rxb7 Qxb7 21.
dxe6 Qb2 22. exd7+ Rxd7 23. Qg4 Rxf6 24. Bh3 Rfd6 25. Qf4 Kb7 26. Qe4+ Kc7 27.
Bxd7 Kxd7 28. Re1 Re6 29. Rd1+ Kc7 30. Qf4+ Kb6 31. Qxf7 Rc6 32. Qg7 Qc2 33.
Re1 Qd3 34. Rc1 Qxc4 35. Rxc3 Qxa2 36. Rc1 a5 37. Qe5 a4 38. Qb8+ Ka5 39. Rb1
Qxb1+ 40. Qxb1 c4 41. Qe4 Rc5 42. Qd4 1-0

[Event "22. Copenhagen Open  (Politiken Cup)"]
[Site "Copenhagen"]
[Date "2000.07.19"]
[Round "3"]
[White "Hamann, Steffen"]
[Black "Radovic, Slobodan"]
[Result "0-1"]
[WhiteElo "1638"]
[BlackElo "1389"]
[PlyCount "44"]
[EventDate "2000.07.17"]
[EventType "swiss"]
[EventRounds "11"]
[EventCountry "DEN"]
[SourceDate "2004.01.01"]

1. d4 Nf6 2. c4 b6 3. Nf3 e6 4. Nc3 Bb4 5. Qc2 Bb7 6. e3 c5 7. Bd2 d5 8. dxc5
Bxc5 9. O-O-O O-O 10. a3 a5 11. Na4 Nbd7 12. Bc3 Qe7 13. Nxc5 Nxc5 14. Ng5 Nfe4
15. h4 h6 16. b4 axb4 17. Nxe4 bxc3 18. Nxc3 Rxa3 19. cxd5 Qf6 20. Kd2 Rxc3 21.
Qb2 Ne4+ 22. Ke1 Rxe3+ 0-1

[Event "22. Copenhagen Open  (Politiken Cup)"]
[Site "Copenhagen"]
[Date "2000.07.19"]
[Round "3"]
[White "Hansen, Henrik Damgaard"]
[Black "Rubeksen, Thomas Hans"]
[Result "1-0"]
[WhiteElo "1508"]
[BlackElo "1210"]
[PlyCount "109"]
[EventDate "2000.07.17"]
[EventType "swiss"]
[EventRounds "11"]
[EventCountry "DEN"]
[SourceDate "2004.01.01"]

1. e4 c5 2. c3 Nc6 3. d4 cxd4 4. cxd4 g6 5. Nf3 Bg7 6. Nc3 d6 7. Be2 Bg4 8. d5
Bxf3 9. Bxf3 Ne5 10. Be2 a6 11. O-O Nf6 12. h3 O-O 13. Be3 Qa5 14. a3 Rac8 15.
Qb3 b5 16. f3 Nc4 17. Bxc4 Rxc4 18. Rfc1 Nd7 19. Na2 Rfc8 20. Nb4 Rxc1+ 21.
Rxc1 Rxc1+ 22. Bxc1 Nc5 23. Qc2 Qb6 24. Be3 a5 25. Nd3 b4 26. axb4 axb4 27.
Nxc5 dxc5 28. Qxc5 Qxc5 29. Bxc5 b3 30. Ba3 Kf8 31. Kf1 Ke8 32. Ke2 Kd7 33. Kd3
e6 34. Kc4 Be5 35. Kxb3 f5 36. Kc4 g5 37. b4 Bd6 38. Bc1 h6 39. Bd2 f4 40. b5
e5 41. b6 Kc8 42. Bb4 Bb8 43. Kb5 Kb7 44. Bf8 h5 45. Be7 g4 46. hxg4 hxg4 47.
fxg4 f3 48. gxf3 Kc8 49. Kc6 Bc7 50. b7+ Kb8 51. d6 Ba5 52. d7 Bb6 53. Bd6+ Ka7
54. b8=Q+ Ka6 55. Qxb6# 1-0

[Event "22. Copenhagen Open  (Politiken Cup)"]
[Site "Copenhagen"]
[Date "2000.07.19"]
[Round "3"]
[White "Hansen, Henrik Michael"]
[Black "Bering, Anders"]
[Result "0-1"]
[WhiteElo "2119"]
[BlackElo "1943"]
[PlyCount "60"]
[EventDate "2000.07.17"]
[EventType "swiss"]
[EventRounds "11"]
[EventCountry "DEN"]
[SourceDate "2004.01.01"]

1. e4 e5 2. Nf3 Nc6 3. d4 exd4 4. Nxd4 Bc5 5. Be3 Qf6 6. c3 Nge7 7. Be2 d5 8.
O-O dxe4 9. Bb5 O-O 10. Nxc6 bxc6 11. Bxc5 cxb5 12. Nd2 Bb7 13. Qe2 Rfe8 14.
Qxb5 Ba6 15. Qb4 Bxf1 16. Rxf1 Nd5 17. Qc4 Qc6 18. b4 Nf6 19. Nb3 Qd5 20. Qe2
Qd3 21. Qxd3 exd3 22. Rd1 Rad8 23. f3 Re2 24. a4 Rc2 25. Bd4 Nd5 26. Rxd3 Nxc3
27. Re3 Ne2+ 28. Kf1 Nxd4 29. Nxd4 Rb2 30. Re7 Kf8 0-1

[Event "22. Copenhagen Open  (Politiken Cup)"]
[Site "Copenhagen"]
[Date "2000.07.19"]
[Round "3"]
[White "Hansen, Herluf"]
[Black "Kristensen, Jonas Rune"]
[Result "1-0"]
[WhiteElo "2047"]
[BlackElo "1696"]
[PlyCount "77"]
[EventDate "2000.07.17"]
[EventType "swiss"]
[EventRounds "11"]
[EventCountry "DEN"]
[SourceDate "2004.01.01"]

1. c4 e5 2. Nc3 Nf6 3. g3 Bb4 4. Nd5 Bc5 5. Bg2 c6 6. Nxf6+ Qxf6 7. e3 O-O 8.
Ne2 d6 9. O-O Be6 10. d3 Qg6 11. Kh1 Nd7 12. Nc3 Bb6 13. b4 f5 14. b5 Rac8 15.
bxc6 bxc6 16. Na4 e4 17. Ba3 Bc7 18. Qc2 Nf6 19. Nc3 Ba5 20. Bxd6 Rfd8 21. c5
Bxc3 22. Qxc3 Ne8 23. dxe4 fxe4 24. Qe5 Nxd6 25. cxd6 Bd5 26. Bh3 Re8 27. d7
Rxe5 28. dxc8=Q+ Re8 29. Qd7 Qh5 30. Bg4 Qg6 31. Rab1 Rf8 32. Be2 h5 33. Qxa7
Kh7 34. Rb8 Rf5 35. Qa8 Qf6 36. Rh8+ Kg6 37. Kg1 Rg5 38. Rf8 Bf7 39. Bc4 1-0

[Event "22. Copenhagen Open  (Politiken Cup)"]
[Site "Copenhagen"]
[Date "2000.07.19"]
[Round "3"]
[White "Hansen, Ib Lyns"]
[Black "Keeling, Geoff"]
[Result "0-1"]
[WhiteElo "1769"]
[BlackElo "2073"]
[PlyCount "102"]
[EventDate "2000.07.17"]
[EventType "swiss"]
[EventRounds "11"]
[EventCountry "DEN"]
[SourceDate "2004.01.01"]

1. e4 e5 2. Nf3 Nc6 3. Bb5 a6 4. Ba4 Nf6 5. O-O Bc5 6. d3 d6 7. h3 b5 8. Bb3
Na5 9. Bg5 Nxb3 10. axb3 h6 11. Be3 Bb6 12. Nc3 Bb7 13. Qd2 O-O 14. Ne2 Kh7 15.
Ng3 Bc8 16. Nh2 d5 17. Bxb6 cxb6 18. Rad1 Qe7 19. f3 Rd8 20. Qf2 Qc7 21. Rd2
Be6 22. Ng4 Nxg4 23. hxg4 Rac8 24. Nf5 Bxf5 25. gxf5 b4 26. g4 f6 27. Kg2 dxe4
28. fxe4 Qc5 29. Rc1 Kg8 30. Qe2 Qd4 31. Qd1 Rc7 32. Kf3 Rdc8 33. c4 bxc3 34.
Rdc2 b5 35. bxc3 Rxc3 36. Rxc3 Rxc3 37. Rxc3 Qxc3 38. Qb1 Qd2 39. b4 Qf4+ 40.
Ke2 Qxg4+ 41. Kd2 h5 42. Qa2+ Kh7 43. Qxa6 h4 44. Qxb5 h3 45. d4 Qg2+ 46. Kc3
exd4+ 47. Kxd4 h2 48. e5 fxe5+ 49. Kxe5 h1=Q 50. Qd3 Qa1+ 51. Kd6 Qf6+ 0-1

[Event "22. Copenhagen Open  (Politiken Cup)"]
[Site "Copenhagen"]
[Date "2000.07.19"]
[Round "3"]
[White "Hansen, Morten Lyck"]
[Black "Bogdanov, Dimitri"]
[Result "0-1"]
[WhiteElo "1812"]
[BlackElo "2093"]
[PlyCount "48"]
[EventDate "2000.07.17"]
[EventType "swiss"]
[EventRounds "11"]
[EventCountry "DEN"]
[SourceDate "2004.01.01"]

1. e4 g6 2. d4 Bg7 3. Nc3 d6 4. f4 Nf6 5. Nf3 O-O 6. Bd3 Na6 7. O-O c5 8. dxc5
Nxc5 9. Qe1 Bd7 10. Qh4 Nxd3 11. cxd3 Qb6+ 12. Kh1 e6 13. f5 exf5 14. Bh6 Qxb2
15. Bxg7 Kxg7 16. Nd5 Nxd5 17. exd5 Qf6 18. Qg3 Rac8 19. Qf2 b6 20. Rfe1 Rfe8
21. Nd2 Rc2 22. Rxe8 Qxa1+ 23. Re1 Qb2 24. Rd1 Bb5 0-1

[Event "22. Copenhagen Open  (Politiken Cup)"]
[Site "Copenhagen"]
[Date "2000.07.19"]
[Round "3"]
[White "Heinola, Vesa"]
[Black "Petersen, Nils"]
[Result "1-0"]
[WhiteElo "2227"]
[BlackElo "2038"]
[PlyCount "75"]
[EventDate "2000.07.17"]
[EventType "swiss"]
[EventRounds "11"]
[EventCountry "DEN"]
[SourceDate "2004.01.01"]

1. d4 d5 2. c4 e6 3. Nc3 c6 4. Nf3 f5 5. Bf4 Nf6 6. e3 Be7 7. Qc2 O-O 8. Ne5
Nh5 9. Bg3 Nxg3 10. hxg3 Nd7 11. Nxd7 Bxd7 12. g4 Bb4 13. Bd3 Qf6 14. gxf5 exf5
15. cxd5 cxd5 16. a3 Bxc3+ 17. Qxc3 h6 18. g3 Rfc8 19. Qb3 Qc6 20. Ke2 Qd6 21.
Rac1 Rf8 22. Rc5 Bc6 23. Bb5 Rab8 24. Bxc6 bxc6 25. Qc3 Rb6 26. Rc1 Rf6 27. a4
Qb8 28. Rc2 Rb3 29. Qd2 Qb7 30. a5 Rb5 31. Rxb5 Qxb5+ 32. Kf3 Qb8 33. Kg2 Qe8
34. Qd3 Qc8 35. a6 Qb8 36. Qa3 Kf7 37. Rc3 Qe8 38. Qc5 {time} 1-0

[Event "22. Copenhagen Open  (Politiken Cup)"]
[Site "Copenhagen"]
[Date "2000.07.19"]
[Round "3"]
[White "Hillarp Persson, Tiger"]
[Black "Nicolaisen, Erik"]
[Result "1-0"]
[WhiteElo "2549"]
[BlackElo "2035"]
[PlyCount "45"]
[EventDate "2000.07.17"]
[EventType "swiss"]
[EventRounds "11"]
[EventCountry "DEN"]
[SourceDate "2004.01.01"]

1. d4 d5 2. c4 Nc6 3. Nc3 dxc4 4. e3 e5 5. Nf3 Bg4 6. Bxc4 Bb4 7. d5 Bxc3+ 8.
bxc3 Nce7 9. Qa4+ Bd7 10. Qb3 b5 11. Bxb5 Ng6 12. Ba3 N8e7 13. h4 h5 14. Ng5
O-O 15. Bc4 Rb8 16. Qc2 Bb5 17. Bb3 Qd7 18. Bxe7 Qxe7 {[#]} 19. Qxg6 fxg6 20.
d6+ Qf7 21. Nxf7 Rxf7 22. Bxf7+ Kxf7 23. Rb1 1-0

[Event "22. Copenhagen Open  (Politiken Cup)"]
[Site "Copenhagen"]
[Date "2000.07.19"]
[Round "3"]
[White "Hoi, Carsten"]
[Black "Erlandsen, Carsten"]
[Result "1-0"]
[WhiteElo "2408"]
[BlackElo "2165"]
[PlyCount "64"]
[EventDate "2000.07.17"]
[EventType "swiss"]
[EventRounds "11"]
[EventCountry "DEN"]
[SourceDate "2004.01.01"]

1. d4 Nf6 2. Nf3 g6 3. c4 Bg7 4. Nc3 d5 5. cxd5 Nxd5 6. e4 Nxc3 7. bxc3 c5 8.
Be3 O-O 9. Rc1 Qa5 10. Qd2 cxd4 11. cxd4 Qxd2+ 12. Kxd2 Rd8 13. Bb5 Nc6 14.
Bxc6 bxc6 15. Rc5 Rb8 16. Ra5 Bg4 17. Kc3 Rb7 18. Ne5 Be6 19. Nd3 Rc8 20. Nc5
Rb5 21. Rxb5 cxb5 22. Kb4 Bxa2 23. Kxb5 f5 24. Ra1 a6+ 25. Kxa6 fxe4 26. Kb7
Rxc5 27. Rxa2 Rd5 28. Kc6 Rd6+ 29. Kc5 Bf8 30. Ra8 Kf7 31. d5 Bg7 32. Bf4 Rd8
1-0

[Event "22. Copenhagen Open  (Politiken Cup)"]
[Site "Copenhagen"]
[Date "2000.07.19"]
[Round "3"]
[White "Hovmoller, Kristian"]
[Black "Andersen, Tom Juul"]
[Result "1-0"]
[WhiteElo "2170"]
[BlackElo "2106"]
[PlyCount "95"]
[EventDate "2000.07.17"]
[EventType "swiss"]
[EventRounds "11"]
[EventCountry "DEN"]
[SourceDate "2004.01.01"]

1. d4 Nf6 2. c4 g6 3. Nc3 d6 4. e4 Nbd7 5. f3 Bg7 6. Be3 O-O 7. Nge2 c6 8. Qd2
e5 9. O-O-O Qa5 10. Kb1 b6 11. Nc1 exd4 12. Bxd4 Nc5 13. h4 h5 14. a3 Be6 15.
Qf4 Ncd7 16. Qxd6 c5 17. Nb3 Qa6 18. Bxf6 Bxf6 19. Nd5 Be5 20. Qc6 Rfe8 21. f4
Rac8 22. Qb5 Qxb5 23. cxb5 Bg7 24. Bc4 Bxd5 25. Bxd5 Nf6 26. Bc6 Re7 27. Rhe1
Ng4 28. e5 Rcc7 29. Rd8+ Kh7 30. g3 Nh6 31. Nd2 Nf5 32. Ne4 Nd4 33. Rd6 a6 34.
a4 axb5 35. Bxb5 Rb7 36. Ba6 Rb8 37. Bd3 Ra7 38. Ng5+ Kg8 39. Bc4 Kf8 40. b3 b5
41. axb5 Nxb5 42. Bxb5 Rxb5 43. Kc2 Ra2+ 44. Kc3 Ra3 45. Rb1 Ke8 46. Ne4 Bf8
47. Nf6+ Ke7 48. Nd5+ 1-0

[Event "22. Copenhagen Open  (Politiken Cup)"]
[Site "Copenhagen"]
[Date "2000.07.19"]
[Round "3"]
[White "Hvenekilde, Jorgen"]
[Black "Brynell, Stellan"]
[Result "1-0"]
[WhiteElo "2260"]
[BlackElo "2484"]
[PlyCount "149"]
[EventDate "2000.07.17"]
[EventType "swiss"]
[EventRounds "11"]
[EventCountry "DEN"]
[SourceDate "2004.01.01"]

1. d4 Nf6 2. c4 e6 3. Nc3 Bb4 4. Bd2 b6 5. e3 Bb7 6. Nf3 O-O 7. Bd3 Bxc3 8.
Bxc3 Ne4 9. Rc1 d6 10. O-O f5 11. Be1 Nd7 12. Nd2 Nxd2 13. Qxd2 e5 14. f3 Qg5
15. Bb1 f4 16. exf4 exf4 17. Qd3 Qh5 18. Bf2 Rf6 19. Rfe1 Rh6 20. h3 Rf8 21.
Re7 Bc8 22. Rce1 Nf6 23. Kf1 Rg6 24. h4 Bd7 25. Qa3 Rg3 26. Bxg3 fxg3 27. Qe3
Qxh4 28. Ke2 Qh2 29. Rg1 Re8 30. Rxe8+ Bxe8 31. Bf5 Qh4 32. b3 g6 33. Be6+ Kg7
34. Kd2 a5 35. Re1 c5 36. dxc5 dxc5 37. Qe5 Kh6 38. Kc2 a4 39. Kb2 axb3 40.
axb3 Bc6 41. Ka3 Qd4 42. Qxd4 cxd4 43. Rd1 Kg5 44. Rxd4 Nh5 45. Rd6 Ba8 46. Bd5
Bxd5 47. Rxd5+ Kf4 48. Rd3 Ke5 49. f4+ Kxf4 50. b4 Ng7 51. Ka4 Nf5 52. Kb5 h5
53. Kxb6 h4 54. c5 h3 55. gxh3 Ne3 56. Rxe3 Kxe3 57. c6 g2 58. c7 g1=Q 59. c8=Q
Kf4+ 60. Kb7 Qg2+ 61. Kb8 Qd2 62. b5 Qd3 63. b6 Kg3 64. b7 Kg2 65. Qc6+ Kf1 66.
Ka7 Qd4+ 67. Qb6 Qd7 68. Qb1+ Kg2 69. Qe4+ Kxh3 70. Ka8 Qd8+ 71. b8=Q Qa5+ 72.
Qa7 Qd8+ 73. Kb7 Qd7+ 74. Kb6 Qd6+ 75. Kb5 1-0

[Event "22. Copenhagen Open  (Politiken Cup)"]
[Site "Copenhagen"]
[Date "2000.07.19"]
[Round "3"]
[White "Jacobsen, Jesper Howalt"]
[Black "Andersen, Finn"]
[Result "0-1"]
[WhiteElo "1289"]
[BlackElo "1531"]
[PlyCount "34"]
[EventDate "2000.07.17"]
[EventType "swiss"]
[EventRounds "11"]
[EventCountry "DEN"]
[SourceDate "2004.01.01"]

1. e4 e5 2. Nf3 Nc6 3. Bb5 f5 4. d3 fxe4 5. dxe4 Nf6 6. Qe2 d6 7. c4 Be7 8. Nc3
O-O 9. Nd5 Bg4 10. Bxc6 bxc6 11. Nxe7+ Qxe7 12. O-O Nh5 13. b3 Nf4 14. Qe3 Nxg2
15. Kxg2 Bxf3+ 16. Kg1 Rf4 17. h3 Qg5+ 0-1

[Event "22. Copenhagen Open  (Politiken Cup)"]
[Site "Copenhagen"]
[Date "2000.07.19"]
[Round "3"]
[White "Jessen, Simon Pind"]
[Black "Jensen, Kasper Smith"]
[Result "1/2-1/2"]
[WhiteElo "2126"]
[BlackElo "2157"]
[PlyCount "34"]
[EventDate "2000.07.17"]
[EventType "swiss"]
[EventRounds "11"]
[EventCountry "DEN"]
[SourceDate "2004.01.01"]

1. d4 Nf6 2. Nf3 e6 3. g3 d5 4. c4 c5 5. cxd5 exd5 6. Nc3 Nc6 7. Bg2 Be7 8. O-O
O-O 9. Bf4 Be6 10. Nb5 Rc8 11. dxc5 Bxc5 12. Nbd4 Bg4 13. Nb3 Bb6 14. Nfd4 Re8
15. Be3 Nxd4 16. Nxd4 Rc4 17. Re1 Ba5 1/2-1/2

[Event "22. Copenhagen Open  (Politiken Cup)"]
[Site "Copenhagen"]
[Date "2000.07.19"]
[Round "3"]
[White "Jorgensen, Arne Bjorn"]
[Black "Dongart, Dennis"]
[Result "1/2-1/2"]
[WhiteElo "2006"]
[BlackElo "2138"]
[PlyCount "72"]
[EventDate "2000.07.17"]
[EventType "swiss"]
[EventRounds "11"]
[EventCountry "DEN"]
[SourceDate "2004.01.01"]

1. d4 Nf6 2. c4 g6 3. Nc3 d5 4. Bf4 Bg7 5. e3 c5 6. dxc5 Qa5 7. Qa4+ Qxa4 8.
Nxa4 O-O 9. Nf3 Na6 10. Rc1 Nb4 11. Nc3 Ne4 12. Be5 Nxc5 13. Bxg7 Kxg7 14. Rd1
dxc4 15. Bxc4 Bg4 16. O-O Rac8 17. Be2 Rfd8 18. h3 Bf5 19. Nd4 Bd3 20. a3 Bxe2
21. Ncxe2 Nc6 22. Nxc6 Rxd1 23. Rxd1 Rxc6 24. Nd4 Rd6 25. Rc1 Ne6 26. Nxe6+
Rxe6 27. Rc7 Rb6 28. b4 Kf6 29. Kf1 Rb5 30. Ke2 a5 31. bxa5 Rxa5 32. Rxb7 Rxa3
33. Kf3 h5 34. h4 Ra4 35. g3 Ra2 36. Rc7 Rb2 1/2-1/2

[Event "22. Copenhagen Open  (Politiken Cup)"]
[Site "Copenhagen"]
[Date "2000.07.19"]
[Round "3"]
[White "Karlstrom, Henrik"]
[Black "Zyde, Fadmal"]
[Result "0-1"]
[WhiteElo "1296"]
[BlackElo "1619"]
[PlyCount "70"]
[EventDate "2000.07.17"]
[EventType "swiss"]
[EventRounds "11"]
[EventCountry "DEN"]
[SourceDate "2004.01.01"]

1. e4 e5 2. Nc3 Nf6 3. Bc4 Nc6 4. d3 Na5 5. Nf3 Nxc4 6. dxc4 Bb4 7. Qd3 d6 8.
a3 Bxc3+ 9. bxc3 b6 10. Bg5 Bb7 11. Nd2 h6 12. Bh4 g5 13. Bg3 Qd7 14. f3 Nh5
15. Nf1 O-O-O 16. Ne3 Nxg3 17. hxg3 h5 18. Nd5 Qe6 19. Ke2 Rdf8 20. a4 a5 21.
Rab1 f5 22. Rb2 g4 23. exf5 gxf3+ 24. gxf3 Rxf5 25. Ne7+ Kb8 26. Nxf5 Rf8 27.
Nh4 e4 28. fxe4 Bxe4 29. Qe3 Qxc4+ 30. Kd2 Qd5+ 31. Qd4 Bxh1 32. Qxd5 Bxd5 33.
Ng6 Rf3 34. Rb5 Bf7 35. Rg5 Be8 0-1

[Event "22. Copenhagen Open  (Politiken Cup)"]
[Site "Copenhagen"]
[Date "2000.07.19"]
[Round "3"]
[White "Keeling, Karen"]
[Black "Grand, Hans Henrik"]
[Result "1/2-1/2"]
[WhiteElo "1680"]
[BlackElo "2036"]
[PlyCount "38"]
[EventDate "2000.07.17"]
[EventType "swiss"]
[EventRounds "11"]
[EventCountry "DEN"]
[SourceDate "2004.01.01"]

1. c4 c5 2. g3 g6 3. Bg2 Bg7 4. Nc3 Nc6 5. a3 d6 6. Rb1 a5 7. Nf3 Bd7 8. O-O
Nf6 9. d3 O-O 10. Bg5 h6 11. Bd2 Rc8 12. Ne1 b6 13. Nc2 Nd4 14. b4 axb4 15.
axb4 Nxc2 16. Qxc2 Bc6 17. Bxc6 Rxc6 18. bxc5 bxc5 19. Qa4 Qc8 1/2-1/2

[Event "22. Copenhagen Open  (Politiken Cup)"]
[Site "Copenhagen"]
[Date "2000.07.19"]
[Round "3"]
[White "Kokholm, Daniel"]
[Black "Jorgensen, Brian"]
[Result "1-0"]
[WhiteElo "1732"]
[BlackElo "2227"]
[PlyCount "71"]
[EventDate "2000.07.17"]
[EventType "swiss"]
[EventRounds "11"]
[EventCountry "DEN"]
[SourceDate "2004.01.01"]

1. d4 d5 2. e4 dxe4 3. Nc3 e5 4. dxe5 Qxd1+ 5. Kxd1 Nc6 6. Nxe4 Nxe5 7. Bf4 $11
Ng4 8. Nh3 N8f6 9. Nxf6+ Nxf6 10. Bxc7 a6 11. Bd3 $11 Nd5 12. Re1+ Be6 13. Bg3
Bb4 14. Re2 O-O-O 15. Ng5 Bg4 16. f3 Be6 17. Nxe6 fxe6 18. Rxe6 g5 19. Re2 Bd6
20. a3 Bf4 21. Ke1 h5 22. c4 Ne3 23. Rxe3 Bxe3 24. Bf5+ Rd7 25. Rd1 Rhd8 26.
Rxd7 Rxd7 27. Bxd7+ Kxd7 28. Ke2 Bd4 29. b3 Ke6 30. Kd3 Bb2 31. a4 Ba3 32. Ke4
Bc5 33. h3 Bg1 34. b4 Bb6 35. c5 Ba7 36. Bc7 1-0

[Event "22. Copenhagen Open  (Politiken Cup)"]
[Site "Copenhagen"]
[Date "2000.07.19"]
[Round "3"]
[White "Kragh, Niels Kristian"]
[Black "Brondum, Jan Kraul"]
[Result "1-0"]
[WhiteElo "1966"]
[BlackElo "1452"]
[PlyCount "77"]
[EventDate "2000.07.17"]
[EventType "swiss"]
[EventRounds "11"]
[EventCountry "DEN"]
[SourceDate "2004.01.01"]

1. e4 e5 2. Nf3 Nc6 3. Bb5 a6 4. Bxc6 dxc6 5. O-O f6 6. d4 Bg4 7. c3 Qd7 8. Be3
Bd6 9. Nbd2 Ne7 10. h3 Bh5 11. Nxe5 Bxd1 12. Nxd7 Bh5 13. Nc5 Bxc5 14. dxc5
O-O-O 15. Nb3 Bg6 16. f3 f5 17. Bg5 Rhe8 18. exf5 Bxf5 19. Nd4 Bg6 20. Rfe1 Rd7
21. Bxe7 Rdxe7 22. Kf2 Bf7 23. a3 g6 24. Rad1 Bc4 25. f4 Bd5 26. Nf3 Bxf3 27.
Rxe7 Rxe7 28. Kxf3 Re6 29. g4 Re7 30. f5 g5 31. h4 h6 32. hxg5 hxg5 33. Rh1 Kd7
34. Rh6 Rg7 35. Rg6 Rxg6 36. fxg6 Ke6 37. Ke4 Kf6 38. g7 Kxg7 39. Kf5 1-0

[Event "22. Copenhagen Open  (Politiken Cup)"]
[Site "Copenhagen"]
[Date "2000.07.19"]
[Round "3"]
[White "Lardot, Derik"]
[Black "Molvig, Henrik"]
[Result "0-1"]
[WhiteElo "2019"]
[BlackElo "2224"]
[PlyCount "102"]
[EventDate "2000.07.17"]
[EventType "swiss"]
[EventRounds "11"]
[EventCountry "DEN"]
[SourceDate "2004.01.01"]

1. e4 c5 2. c3 Nf6 3. e5 Nd5 4. d4 cxd4 5. cxd4 d6 6. Nf3 Nc6 7. Nc3 dxe5 8.
Nxe5 Nxc3 9. Nxc6 Nxd1 10. Nxd8 Kxd8 11. Kxd1 Be6 12. Bd3 Rc8 13. Be4 Rc7 14.
Be3 Rd7 15. Ke2 Bd5 16. f3 e6 17. Rhc1 Bb4 18. a3 Bd6 19. Bxd5 exd5 20. g3 Re8
21. Kd3 Rde7 22. Re1 Kd7 23. Rac1 f5 24. Bd2 Rxe1 25. Rxe1 Rxe1 26. Bxe1 Kc6
27. a4 b5 28. b3 bxa4 29. bxa4 Ba3 30. Bd2 Bb2 31. h4 g6 32. g4 fxg4 33. fxg4
Kd6 34. Bh6 Ke6 35. Bg7 Bc1 36. Ke2 Ba3 37. Kf3 Be7 38. g5 Kf5 39. Be5 Bb4 40.
Bb8 a6 41. Bg3 Bd2 42. Bf2 Bc3 43. Ke3 Kg4 44. Kd3 Bb4 45. Kc2 Kf3 46. Kb3 Bd2
47. Bg1 Kg2 48. Be3 Bxe3 49. Kb4 Bxd4 50. Ka5 Bf2 51. Kxa6 d4 0-1

[Event "22. Copenhagen Open  (Politiken Cup)"]
[Site "Copenhagen"]
[Date "2000.07.19"]
[Round "3"]
[White "Laustsen, Lars"]
[Black "Jensen, Michael Bremerskov"]
[Result "1-0"]
[WhiteElo "1974"]
[BlackElo "1358"]
[PlyCount "61"]
[EventDate "2000.07.17"]
[EventType "swiss"]
[EventRounds "11"]
[EventCountry "DEN"]
[SourceDate "2004.01.01"]

1. d4 Nf6 2. Nf3 e6 3. g3 b6 4. Bg2 Bb7 5. O-O Be7 6. c4 O-O 7. Nc3 d5 8. cxd5
Nxd5 9. Qc2 Nd7 10. e4 N5f6 11. Rd1 c5 12. d5 exd5 13. e5 Ne8 14. Nxd5 Bxd5 15.
Rxd5 Nc7 16. Rd3 Qc8 17. Bg5 f6 18. exf6 Bxf6 19. Bxf6 Nxf6 20. Ne5 Qf5 21.
Qc4+ Ne6 22. Bxa8 Rxa8 23. Re1 Rf8 24. Rf3 Qh5 25. Qxe6+ Kh8 26. Rf5 Qe8 27.
Qxe8 Rxe8 28. Rxf6 gxf6 29. Nf7+ Kg7 30. Rxe8 Kxf7 31. Ra8 1-0